000 00811nam a2200265 i 4500
003 DO-SdBNP
005 20260428141626.0
007 ta
008 260428b2025 dr ||||| |||| 00| 0 spa d
020 _a9789945663044
040 _aDO-SdBNP
_bspa
_cBNPHU
_erda
041 _aspa
082 4 _axxx
_bL453c
_222
100 _aLebrón Cuello, Gregoryt,
_d2000-
_eautor
_4aut.
_979210
245 1 0 _aCaminos de desgracia /
_cGregoryt Lebrón Cuello
264 1 _aSanto Domingo :
_bEditorial Santuario,
_c2025.
300 _a344 páginas ;
_c23 cm.
336 _atexto
_btxt
_2rdacontent
337 _asin mediación
_bn
_2rdamedia
338 _avolumen
_bnc
_2rdacarrier
500 _aIncluye datos biográficos del autor en las solapas
590 _aInventariado, 2026/BT
910 _aBtavárez
942 _2ddc
_cLBS1
999 _c60631
_d60631